000 01048nam a2200313 i 4500
003 EG-GICUC
005 20260414112453.0
008 260414s1922 enkd|||fr|||| 00| 0 eng d
040 _aEG-GiCUC
_beng
_cEG-GiCUC
_dEG-GiCUC
_erda
082 0 4 _221
_a343.37212
_bJE . A
092 0 4 _221
099 _aLaw1 10 343.37212 JE . A 1922
100 1 _aJervis, Sir John
_eAuthor.
245 1 0 _aArchbold's Pleading, Evidence & Practice Criminal Cases /
_cBy Sir John Jervis.
250 _aThe Twenty-sixth Edition
264 1 _aLondon :
_bSweet & Maxwell, LTD,
_bStevens & Sons, LTD,
_c1922.
300 _a1740 pages :
_bCharts,
_c24 cm.
336 _2rda content
_atext
337 _2rda media
_aComputer
338 _2rda carrier
_aOnline Resource
500 _aThe Statutes, Precedents of Indictments, &c.
546 _aText in English
650 1 _aGaranties De Justice Pénale
_2qrmak
650 1 _aCriminal Law
651 1 _2qrmak
856 4 0 _uhttps://fll.law.cu.edu.eg/fulltext/bks/B10-09302.pdf
905 _a54
942 _2ddc
_cBK
_e21
_n0
999 _c70831
_d70831